000 00350nam a22001577a 4500
003 MPLRDC
005 20220104123828.0
008 210129b ||||| |||| 00| 0 eng d
082 _a192.8 XQY
100 _a不详
245 _a处世箴言
_c
260 _a
_b新企业图书出版社
_c
300 _b
650 _a
942 _cBK
_o192.8 XQY
999 _c14525
_d14515